Länder Europas nach Bevölkerungsdichte (Top 10) - Statistiken

Allgemein
  • Dieses Quiz wurde 368 mal gespielt
  • Das Durchschnittsergebnis liegt bei 9 aus 10
Antwortstatistiken
Einwohner pro km² Staaten % Korrekt
25.970 Monaco
96%
236 Deutschland
95%
225 Luxemburg
93%
505 Niederlande
91%
557 San Marino
91%
1.800 Vatikanstadt
91%
378 Belgien
90%
237 Liechtenstein
85%
1.346 Malta
82%
274 Vereinigtes Königreich
37%
Keine übereinstimmenden Quizze gefunden
Verteilung der Resultate
Anzahl Personen mit jedem Resultat
Perzentil nach korrekt beantworteten Fragen
Ihre Resultats-Entwicklung
Sie haben dieses Quiz noch nicht gespielt